000 01273nam a2200337 i 4500
003 EG-GICUC
005 20260504235921.0
008 260504m19951415ua ||||fr|||| 00| 0 ara d
017 _a1986/6078
020 _a9771002457
040 _a EG-GICUC
_bara
_c EG-GICUC
_d EG-GICUC
_erda
041 0 _aara
082 0 4 _221
_a345.451
_bس ل . ق
092 0 4 _221
099 _aLaw1 07 345.451 س ل . ق 1987
100 0 _aسليمان محمد الطماوى
_eمؤلف.
245 1 2 _aالقضاء الأدارى.
_nالكتاب الثالث,
_p"قضاء التأديب" دراسة مقارنة /
_cسليمان محمد الطماوى
264 3 _aالقاهرة :
_bدار الفكر العربي,
_c1987.
300 _aصفحة795؛
_c24 سم
_bإيضاحيات، صور، مثيليات ؛
336 _2rda content
_atext
337 _2rda media
_aComputer
338 _2rda carrier
_aOnline Resource
504 _aيشتمل على إرجاعات ببليوجرافية.
546 _aالنص باللغة العربية
650 1 4 _aالسلطات التاديبية
_2qrmak
650 1 4 _aالقانون الإدارى
651 1 _2qrmak
856 4 0 _uhttps://fll.law.cu.edu.eg/fulltext/bks/B07-03990.pdf
905 _a44
942 _2ddc
_cBK
_e21
_n0
999 _c75573
_d75573